000 02467cam a2200433 a 4500
001 9629936
003 OSt
005 20220228144620.0
008 091208s2011 nyua b 001 0 eng
010 _a 2009049802
015 _aGBA9A5640
_2bnb
016 7 _a015408085
_2Uk
020 _a9780071077835
035 _a(OCoLC)ocn436031178
035 _a(NNC)9629936
038 _akhadija
040 _aDLC
_cDLC
_dBTCTA
_dC#P
_dBWX
_dCDX
_dUKM
_dYDXCP
_dIG#
_dCTB
_dY8N
_dLHU
_dTTU
050 0 0 _aTJ230
_b.S5 2011
082 0 4 _a621.815
_222
_bBUD
100 1 _aBudynas, Richard G.
_q(Richard Gordon)
_981390
245 1 0 _aShigley's mechanical engineering design /
_cRichard G. Budynas, J. Keith Nisbett.
246 3 0 _aMechanical engineering design
250 _a9th ed.
260 _aNew York :
_bMcGraw-Hill,
_cc2011.
300 _axxi, 1082 p. :
_bill. ;
_c27 cm.
490 1 _aMcGraw-Hill series in mechanical engineering
504 _aIncludes bibliographical references and index.
505 0 0 _gPart 1:
_tBasics --
_gChapter 1:
_tIntroduction to Mechanical Engineering Design --
_gChapter 2:
_tMaterials --
_gChapter 3:
_tLoad and Stress Analysis --
_gChapter 4:
_tDeflection and Stiffness --
_gPart II:
_tFailure Prevention --
_gChapter 5:
_tFailures Resulting from Static Loading --
_gChapter 6:
_tFatigue Failure Resulting from Variable Loading --
_gPart III:
_tDesign of Mechanical Elements --
_gChapter 7:
_tShafts and Shaft Components --
_gChapter 8:
_tScrews, Fasteners, and the Design of Nonpermanent Joints --
_gChapter 9:
_tWelding, Bonding, and the Design of Permanent Joints --
_gChapter 10:
_tMechanical Springs --
_gChapter 11:
_tRolling-Contact Bearings --
_gChapter 12:
_tLubrication and Journal Bearings --
_gChapter 13:
_tGears -- General --
_gChapter 14:
_tSpur and Helical Gears --
_gChapter 15:
_tBevel and Worm Gears --
_gChapter 16:
_tClutches, Brakes, Couplings and Flywheels --
_gChapter 17:
_tFlexible Mechanical Elements --
_gChapter 18:
_tPower Transmission Case Study --
_gPart IV:
_tAnalysis Tools --
_gChapter 19:
_tFinite Element Analysis --
_gChapter 20:
_tStatistical Considerations.
563 _apaper back
650 0 _aMachine design.
_918984
700 1 _aNisbett, J. Keith.
_4aut
_989857
700 1 _aShigley, Joseph Edward.
_4aut
_989858
830 0 _aMcGraw-Hill series in mechanical engineering.
_989859
942 _2ddc
_cBK
948 1 _a20120907
_bc
_crad1
_dMPS
948 2 _a20120907
_ba
_crad1
_dMPS
948 2 _a20120907
_ba
_crad1
_dMPS
999 _c33384
_d33384